Журнал заседания 11 мая 1917 года № 4 (Запись № 11887589)

Подробности
000 -МАРКЕР
контрольное поле 02974nam0a2200457 4500
001 - ИДЕНТИФИКАТОР ЗАПИСИ
контрольное поле RU\NLR\BIBL_A\011195013
005 - ИДЕНТИФИКАТОР ВЕРСИИ
контрольное поле 20250625214548.0
020 ## - НОМЕР ДОКУМЕНТА В НАЦИОНАЛЬНОЙ БИБЛИОГРАФИИ
Код страны российская федерация
Основное заглавие издания Российской книжной палаты От Февраля к Октябрю: коллекция листовок/Рос. нац. б-ка
035 ## - ДРУГИЕ СИСТЕМНЫЕ НОМЕРА
Идентификатор записи (NLR Aleph) 011195013
100 ## - ДАННЫЕ ОБЩЕЙ ОБРАБОТКИ
Данные общей обработки 20160812d1917 |||y0rusy50 ca
101 0# - ЯЗЫК РЕСУРСА
Язык текста, звукозаписи и т.д. русский
102 ## - СТРАНА ПУБЛИКАЦИИ ИЛИ ПРОИЗВОДСТВА
Страна публикации российская федерация
105 ## - ПОЛЕ КОДИРОВАННЫХ ДАННЫХ: ТЕКСТОВЫЕ МАТЕРИАЛЫ, МОНОГРАФИЧЕСКИЕ
Кодированные данные о монографическом текстовом документе y z 000yy
135 ## - ПОЛЕ КОДИРОВАННЫХ ДАННЫХ: ЭЛЕКТРОННЫЕ РЕСУРСЫ
Кодированные данные для электронного ресурса crcn 024apada
200 1# - ЗАГЛАВИЕ И СВЕДЕНИЯ ОБ ОТВЕТСТВЕННОСТИ
Основное заглавие Журнал заседания 11 мая 1917 года № 4
Сведения, относящиеся к заглавию [листовка]
Первые сведения об ответственности Московский Городской Избирательный комитет
210 ## - ПУБЛИКАЦИЯ, РАСПРОСТРАНЕНИЕ И ДР.
Место издания, распространения и т.д. Москва [Московская губ.]
Имя издателя, распространителя и т. д. Моск. гор. тип.
Дата издания, распространения и т.д. [1917, май, после 11 - до 26]
215 ## - ФИЗИЧЕСКАЯ ХАРАКТЕРИСТИКА
Специфическое обозначение материала и объем 3 с.
Размеры 27х37
300 ## - ОБЩИЕ ПРИМЕЧАНИЯ
Текст примечания Подписи: Председатель Избирательного комитета, Городской голова Н.И. Астров, Товарищ Председателя Н.С. Мамонтов, Член Комитета, Секретарь Л.Б. Залкинд
300 ## - ОБЩИЕ ПРИМЕЧАНИЯ
Текст примечания Коллекция листовок "От Февраля к Октябрю" (1 экз.)
325 1# - ПРИМЕЧАНИЕ О КОПИИ
Текст примечания Копия доступна в Электронной библиотеке РНБ
327 1# - ПРИМЕЧАНИЯ О СОДЕРЖАНИИ
Текст примечания О ходе подготовительных работ по организации выборов в районные думы г. Москвы
540 1# - ДОПОЛНИТЕЛЬНОЕ ЗАГЛАВИЕ, ПРИМЕНЯЕМОЕ КАТАЛОГИЗАТОРОМ
Заглавие О ходе подготовительных работ по организации выборов в районные думы г. Москвы
540 1# - ДОПОЛНИТЕЛЬНОЕ ЗАГЛАВИЕ, ПРИМЕНЯЕМОЕ КАТАЛОГИЗАТОРОМ
Заглавие От Февраля к Октябрю
Сведения о заглавии листовки
606 1# - НАИМЕНОВАНИЕ ТЕМЫ КАК ПРЕДМЕТ
Наименование темы Органы местного самоуправления
Формальный подзаголовок Листовки
Тематический подзаголовок Выборы
Хронологический подзаголовок 1917
Системный номер авторитетной/нормативной записи 2277614
Идентификатор авторитетной/нормативной записи RU\NLR\AUTH\6601593246
607 ## - ГЕОГРАФИЧЕСКОЕ НАИМЕНОВАНИЕ КАК ПРЕДМЕТ
Географическое наименование Россия
Формальный подзаголовок Листовки
Тематический подзаголовок История
Хронологический подзаголовок 1917
Системный номер авторитетной/нормативной записи 2250871
Идентификатор авторитетной/нормативной записи RU\NLR\AUTH\661350120
686 0# - ИНДЕКСЫ ДРУГИХ КЛАССИФИКАЦИЙ
Индекс Т3(2)524.2,011
686 0# - ИНДЕКСЫ ДРУГИХ КЛАССИФИКАЦИЙ
Индекс Т3(2)711.19-536,011
686 1# - ИНДЕКСЫ ДРУГИХ КЛАССИФИКАЦИЙ
Индекс Т3(2-2М)711.1,011
702 #1 - ИМЯ ЛИЦА - ВТОРИЧНАЯ ОТВЕТСТВЕННОСТЬ
Код отношения Подписавшее лицо
Начальный элемент ввода Астров
Часть имени, кроме начального элемента ввода Н. И.
Дополнения к именам, кроме дат полит. и обществ. деятель
Даты 1868-1934
Расширение инициалов личного имени Николай Иванович
Системный номер авторитетной/нормативной записи 161142
Идентификатор авторитетной/нормативной записи RU\NLR\AUTH\770161184
702 #1 - ИМЯ ЛИЦА - ВТОРИЧНАЯ ОТВЕТСТВЕННОСТЬ
Код отношения Подписавшее лицо
Начальный элемент ввода Мамонтов
Часть имени, кроме начального элемента ввода Н. С.
Дополнения к именам, кроме дат участник революционного движения
Системный номер авторитетной/нормативной записи 161214
Идентификатор авторитетной/нормативной записи RU\NLR\AUTH\770161256
702 #1 - ИМЯ ЛИЦА - ВТОРИЧНАЯ ОТВЕТСТВЕННОСТЬ
Код отношения Подписавшее лицо
Начальный элемент ввода Залкинд
Часть имени, кроме начального элемента ввода Л. Б.
Дополнения к именам, кроме дат полит. деятель, экономист
Даты 1886-1945
Расширение инициалов личного имени Лазарь Борисович
Системный номер авторитетной/нормативной записи 161209
Идентификатор авторитетной/нормативной записи RU\NLR\AUTH\770161251
710 02 - НАИМЕНОВАНИЕ ОРГАНИЗАЦИИ - ПЕРВИЧНАЯ ОТВЕТСТВЕННОСТЬ
Начальный элемент ввода Московский городской избирательный комитет
Структурное подразделение Заседание
Дата проведения временной организации 1917
Системный номер авторитетной/нормативной записи 526104
Идентификатор авторитетной/нормативной записи RU\NLR\AUTH\880430885
852 00 - МЕСТОНАХОЖДЕНИЕ И ШИФР ХРАНЕНИЯ
Идентификатор организации NLR
Наименование фонда или коллекции (Sub-Location Identifier) Фл
Шифр хранения (Call Number) X/112
942 ## - ДОПОЛНИТЕЛЬНЫЕ ЭЛЕМЕНТЫ ЗАПИСИ (АБИС)
Тип экземпляра АБИС Книга
980 ## - КОЛЛЕКЦИЯ
Название коллекции Национальная библиография
981 42 - КОЛЛЕКЦИЯ ЭЛЕКТРОННОЙ БИБЛИОТЕКИ
Название коллекции 1917: от Февраля к Октябрю
Название подколлекции Листовки 1917 года

Нет доступных экземпляров.